000 00858nam a2200205Ia 4500
001 5322
003 GE_BSU
008 181216s||||||||xx |||||||||||||| ||und||
040 _cGE_BSU
080 _a517.977.5(075.8)
100 _aВасильев, Ф.П.
245 _aМетоды решения экстремальных задач минимизации функциональных пространствах, регуляризация, аппроксимация
245 _cРед.Н.Л.Григоренко
260 _aМосква.
260 _bНаука
260 _c1981
300 _a400 с.20 см.
653 _aМетоды решения экстремальных задач минимизации функциональных пространствах, регуляризация, аппроксимация
942 _cBK
999 _c38904
_d38904